000 00551nam a22001937a 4500
005 20260529153332.0
010 _aENG-148672
020 _a9789347590818
_c150.00
035 _aEN-132204
037 _bDBAD
082 _aS
_21
100 _aStevenson, Robert Louis
245 _aStrange Case of Dr Jekyll and Mr Hyde/
_cRobert Louis Stevenson
250 _a1
260 _aChandigarh
_bThe Browser
_c2026
270 _bChandigarh
_aSCO 14-15, Sector 8-C
_e160009
_mservice@thebrowser.org
300 _a64p.
_c20cm(pb)
942 _2ddc
_cEN
_hS
_mSTE
999 _c216414
_d216414